LEADER 01104nam a2200229 u 4500 001 000000109329 003 CaOOAMICUS 005 20080131093316.0 008 080131s1976 it a u000 u ita u 040 $aPUL$bita$dMCT 100 1 $aPassatore, Franco.$0(OLS)http://pul/name/66993 245 10$aAnimazione dopo :$ble esperienze di animazione dal teatro alla scuola, dalla scuola al sociale /$cFranco Passatore. 260 $aRimini ;$aFirenze :$bGuaraldi,$c1976. 300 $a337 p. :$bill. ;$c19 cm. 490 1 $aLe frontiere dell'educazione ;$v 32 650 4$aAnimazione culturale.$0(OLS)http://pul/subject/29457 830 3$aLe frontiere dell'educazione ;$v 32.$0(OLS)http://pul/title/94716 850 $aPUL 852 $aPUL$W1$xDP1 Cons. Gen., Altre Classi 1$y22$m846 A 18$j125013$qStampati$B123743$CPULBib$Z2$F123743 $H64476 $82 941 1 $a8 996 $6245$aAnimazione dopo :$ble esperienze di animazione dal teatro alla scuola, dalla scuola al sociale$9(OLS)http://pul/title/137543 996 $6260$aRimini ;$aFirenze :$bGuaraldi$9(OLS)http://pul/publisher/72485 LEADER 01406nam a2200301 a 4500 001 000000133410 003 CaOOAMICUS 005 20130408131412.0 008 130408s2011 it af u000 u ita r 020 $a978-88-222-6125-0 040 $aPUL$bita 082 04$a027 100 1 $aFinocchiaro, Giuseppe,$d1946-$0(OLS)http://pul/name/65069 245 10$aVallicelliana segreta e pubblica :$bFabiano Giustiniani e l'origine di una biblioteca universale /$cGiuseppe Finocchiaro. 260 $aFirenze :$bLeo S. Olschki,$c2011. 300 $aXV, 193 p., [32] c. di tav. :$bill. ;$c22 cm 490 1 $aMonografie sulle biblioteche d'Italia ;$v11 504 $aBibliografia p. 165-177. 610 24$aBiblioteca vallicelliana$xStoria.$0(OLS)http://pul/subject/39490 830 0$aMonografie sulle biblioteche d'Italia ;$v11.$0(OLS)http://pul/title/168590 850 $aPUL 852 $aPUL$W1$xSL Cons. Gen., Altre Classi 3$y75$m027 FINGI 1$j153322$qDDC 21$B152881$CPULBib$Z2$F152881 $H122052 $82 941 1 $a9 996 $6020$a978-88-222-6125-0$9(OLS)http://pul/number/152297 996 $6082$a027$9(OLS)http://pul/classification/1896 996 $6245$aVallicelliana segreta e pubblica :$bFabiano Giustiniani e l'origine di una biblioteca universale$9(OLS)http://pul/title/168589 996 $6260$aFirenze :$bLeo S. Olschki$9(OLS)http://pul/publisher/48288